000 00299nam a22001337a 4500
008 171019b xxu||||| |||| 00| 0 eng d
020 _a9780072482591
041 _aeng
080 _24TH
_a338
100 _a54
101 _aMEN
245 _aSTAFFING ORGANIZATIONS
_cHENEMAN,H,G
942 _2udc
_cBK
999 _c35016
_d35016